| 000 | 00616nam a2200181 a 4500 | ||
|---|---|---|---|
| 005 | 20230525063546.0 | ||
| 008 | 991125s1980 mx 000 0 spa u | ||
| 035 | _aUPN01000007927 | ||
| 049 | _aLTG | ||
| 050 | 4 |
_aLB1585 _bM6.3 1980 LL |
|
| 245 | 0 | 0 |
_aCiencias naturales : _btercer grado. |
| 260 |
_aMéxico : _bSEP, Comisión Nacional de los Libros de Texto Gratuitos, _c1980. |
||
| 300 |
_a222 p. : _bil. col. |
||
| 500 | _aTítulo de la portada: Ciencias naturales, ciencias sociales | ||
| 500 | _aLibro de texto gratuito | ||
| 650 | 4 |
_aCiencias naturales _xEstudio y enseñanza (Elemental) _92812 |
|
| 905 | _aLibro | ||
| 999 |
_c7927 _d7927 |
||